| 000 | 00702nam a2200229Ia 4500 | ||
|---|---|---|---|
| 003 | GCL | ||
| 008 | 140319s9999 xx 000 0 ara d | ||
| 040 |
_aGCL / _cGCL |
||
| 082 | 0 | 4 |
_aط _b229.5 _bم م |
| 100 | 1 | _aمحمد اسماعيل على | |
| 245 | 1 | 0 |
_aيوسف الصديق / _cمحمد اسماعيل على |
| 700 | 1 | _aمحمد احمد برانق | |
| 260 |
_a[S.N] : _bدار المعارف |
||
| 300 | _aمتعددة | ||
| 490 |
_aمجموعة قصص الانبياء _v0 |
||
| 650 | 0 | 4 | _aالاطفال |
| 650 | 0 | 4 | _aقصص الاطفال |
| 650 | 0 | 4 | _aقصص الانبياء |
| 650 | 0 | 4 | _aالقصص الدينية |
| 650 | 0 | 4 | _aالقصص القرآنية |
| 942 |
_2ddc _cBK |
||
| 999 |
_c34726 _d34726 |
||